Score 0/12 Timer 03:00
2 Plays Today
% Correct
Bean
98.8%
Bark
96.9%
Pork
96.2%
Grip
93.5%
Bull
90.2%
Trap
84.3%
File
81.2%
Emma
80.2%
Ford
78.6%
Soap
76.6%
Yard
74%
Chad
73.1%

From the Vault

Shorter Than a Kardashian Marriage?

by MrChewypoo

If Kim Kardashian can't make it work, what chance do the rest of us have?
Remove Ads.
Support Sporcle.
Get the best of Sporcle when you Go Orange. This ad-free experience offers more features, more stats, and more fun while also helping to support Sporcle. Thank you for becoming a member.

Show Comments

Extras

Top Quizzes Today


Score Distribution

Your Account Isn't Verified!

In order to create a playlist on Sporcle, you need to verify the email address you used during registration. Go to your Sporcle Settings to finish the process.

Report this User

Report this user for behavior that violates our Community Guidelines.

Details: